Statistics for North America Capital City Quiz!

Click here to take the quiz!

General Stats

  • This quiz has been taken 8 times
  • The average score is 18 of 23

Answers on the Map

Answers color-coded by a green-red scale on the quiz's map according to % correct below.
 

Answer Stats

Capital% Correct
Havana
100%
Mexico City
100%
Ottawa
100%
Panama City
100%
Washington
100%
Guatemala City
86%
Kingston
86%
Kingstown
86%
Port-au-Prince
86%
San Salvador
86%
Basseterre
71%
Bridgetown
71%
Managua
71%
Nassau
71%
Port-of-Spain
71%
Roseau
71%
San Jose
71%
Tegucigalpa
71%
Belmopan
57%
Santo Domingo
57%
St George's
57%
St John's
57%
Castries
43%

Score Distribution

Percentile by Number Answered

Percent of People with Each Score

Your Score History

You have not taken this quiz